MyGZULibrary

Appearance Maswat̳ha / (Record no. 5686)

MARC details
000 -LEADER
fixed length control field 00681nam a22002537a 4500
001 - CONTROL NUMBER
control field 3898945
003 - CONTROL NUMBER IDENTIFIER
control field GZU
005 - DATE AND TIME OF LATEST TRANSACTION
control field 20210413082904.0
008 - FIXED-LENGTH DATA ELEMENTS--GENERAL INFORMATION
fixed length control field 901114s1989 sa 000 0 ven
010 ## - LIBRARY OF CONGRESS CONTROL NUMBER
LC control number 90215830
020 ## - INTERNATIONAL STANDARD BOOK NUMBER
International Standard Book Number 0796001960
040 ## - CATALOGING SOURCE
Original cataloging agency DLC
Transcribing agency DLC
050 00 - LIBRARY OF CONGRESS CALL NUMBER
Classification number PL8745 MUD 1996
100 1# - MAIN ENTRY--PERSONAL NAME
Personal name Mudau, T. T.
245 10 - TITLE STATEMENT
Title Appearance Maswat̳ha /
Statement of responsibility, etc. T.T. Mudau.
250 ## - EDITION STATEMENT
Edition statement 1st ed.
260 ## - PUBLICATION, DISTRIBUTION, ETC.
Place of publication, distribution, etc. Pietermaritzburg :
Name of publisher, distributor, etc. Shuter & Shooter,
Date of publication, distribution, etc. 1989.
300 ## - PHYSICAL DESCRIPTION
Extent 94 p. ;
Dimensions 21 cm.
500 ## - GENERAL NOTE
General note Venda literature
600 ## - SUBJECT ADDED ENTRY--PERSONAL NAME
Source of heading or term Venda literature
906 ## - LOCAL DATA ELEMENT F, LDF (RLIN)
a 7
b cbc
c orignew
d 4
e ncip
f 19
g y-gencatlg
942 ## - ADDED ENTRY ELEMENTS (KOHA)
Source of classification or shelving scheme Library of Congress Classification
Koha item type Books
Classification part 8745
Item part MUD
Call number prefix PL
Holdings
Withdrawn status Lost status Damaged status Not for loan Collection code Home library Current library Shelving location Date acquired Total Checkouts Full call number Barcode Date last seen Copy number Price effective from Koha item type
        Fiction City Campus Library City Campus Library General Stacks 04/13/2021   PL8745 MUD 1996 010373 04/13/2021 c.1 04/13/2021 Books
        Fiction Mashava Campus Library Mashava Campus Library General Stacks 05/21/2021   PL8745 MUD 1996 010371 05/21/2021 c.2 05/21/2021 Books
        Fiction Mashava Campus Library Mashava Campus Library General Stacks 05/21/2021   PL8745 MUD 1996 010372 05/21/2021 c.3 05/21/2021 Books
        Fiction Mashava Campus Library Mashava Campus Library General Stacks 05/21/2021   PL8745 MUD 1996 010864 05/21/2021 c.4 05/21/2021 Books